|
|
|
|
| LEADER |
01062nam a22002537a 4500 |
| 001 |
40484 |
| 003 |
BD-DhAAL |
| 008 |
230302t2011 bg a|||| |||| 00| 0 eng d |
| 040 |
|
|
|a BD-DhAAL
|c BD-DhAAL
|
| 082 |
|
|
|a 332.1095492
|
| 100 |
|
|
|a Ahmed, A. K. N,
|d 1931-2016.
|9 53777
|
| 245 |
|
|
|a Random thoughts :
|b selected excerpts from a diary /
|c A. K. N. Ahmed.
|
| 260 |
|
|
|a Dhaka :
|b [publisher not identified],
|c 2011.
|
| 300 |
|
|
|a 172 pages :
|b illustrations ;
|c 22 cm.
|
| 541 |
|
|
|a Donated By Akbar Ali Khan
|e 40484
|
| 600 |
|
|
|a Ahmed, A. K. N,
|d 1931-2016.
|9 53777
|
| 610 |
|
|
|a Bangladesh Bank
|x History.
|9 53397
|
| 650 |
|
|
|a Banks and banking
|z Bangladesh.
|
| 650 |
|
|
|a Banks and banking, International
|z Bangladesh.
|9 42103
|
| 650 |
|
|
|a Bankers
|z Bangladesh
|x Attitudes.
|9 50243
|
| 852 |
|
|
|a Ayesha Abed Library
|c Akbar Ali Khan Collection
|
| 942 |
|
|
|2 ddc
|c BK
|
| 999 |
|
|
|c 45556
|d 45556
|
| 952 |
|
|
|0 0
|1 0
|2 ddc
|4 0
|6 332_109549200000000_AHM
|7 1
|9 73327
|a BRACUL
|b BRACUL
|c AAKC
|d 2023-03-02
|e Donated By Akbar Ali Khan
|g 200.00
|l 0
|o 332.1095492 AHM
|p 3010040484
|r 2023-03-02
|t 1
|w 2023-03-02
|y BK
|